Interwencjonizm w sferze handlu zagranicznego - wyzwania dla eksporterów.
Tri formy ingerencie štátu na reálne procesy. Analýza štátneho intervencionizmu. Ciele intervencionizmu v zahraničnom obchode. Príklad francúzskeho hutníctva. Prostriedky intervencionizmu. Dobrovoľné obmedzenie vývozu. Nástroje intervencionizmu vo vývoze.
Na minha lista:
| Autor principal: | |
|---|---|
| Formato: | Capítulo de Livro |
| Idioma: | polonês |
| Assuntos: | |
| Tags: |
Sem tags, seja o primeiro a adicionar uma tag!
|
MARC
| LEADER | 00000naa a2200000 4500 | ||
|---|---|---|---|
| 001 | r004646 | ||
| 005 | 20221125123128.5 | ||
| 041 | 0 | |a pol | |
| 044 | |a PL | ||
| 245 | 1 | 0 | |a Interwencjonizm w sferze handlu zagranicznego - wyzwania dla eksporterów. |c J. Wierzbolowski |
| 520 | |a Tri formy ingerencie štátu na reálne procesy. Analýza štátneho intervencionizmu. Ciele intervencionizmu v zahraničnom obchode. Príklad francúzskeho hutníctva. Prostriedky intervencionizmu. Dobrovoľné obmedzenie vývozu. Nástroje intervencionizmu vo vývoze. | ||
| 610 | 2 | 0 | |a intervencionizmus štátny |
| 610 | 2 | 0 | |a obchod zahraničný |
| 610 | 2 | 0 | |a Francúzsko |
| 610 | 2 | 0 | |a hutníctvo |
| 610 | 2 | 0 | |a vývoz |
| 100 | 1 | |a Wierzbolowski, J. | |